International economics (Record no. 8948)

MARC details
000 -LEADER
fixed length control field 00475cam a2200193ua 4500
008 - FIXED-LENGTH DATA ELEMENTS--GENERAL INFORMATION
fixed length control field 170110n ii |||gr||||Z||||||eng
020 ## - INTERNATIONAL STANDARD BOOK NUMBER
International Standard Book Number 8187125608
040 ## - CATALOGING SOURCE
Transcribing agency MAIN
041 ## - LANGUAGE CODE
-- eng
082 ## - DEWEY DECIMAL CLASSIFICATION NUMBER
Classification number 337
100 ## - MAIN ENTRY--PERSONAL NAME
Personal name Jhingan, M.L.,
Relator term
245 ## - TITLE STATEMENT
Title International economics
Statement of responsibility, etc. By M.L. Jhingan
250 ## - EDITION STATEMENT
Edition statement 5th rev. & enl. ed.
260 ## - PUBLICATION, DISTRIBUTION, ETC.
Place of publication, distribution, etc. Delhi:
Name of publisher, distributor, etc. Vrinda publications,
Date of publication, distribution, etc. 2007.
300 ## - PHYSICAL DESCRIPTION
Extent 666p.
942 ## - ADDED ENTRY ELEMENTS (KOHA)
Koha item type Books
653 ## - INDEX TERM--UNCONTROLLED
Uncontrolled term International economics
Holdings
Withdrawn status Lost status Damaged status Not for loan Home library Current library Shelving location Date acquired Total Checkouts Full call number Barcode Date due Date last seen Date last checked out Copy number Price effective from Koha item type
        Central Library, Naharkatiya College Central Library, Naharkatiya College General Stacks 19/09/2020 12 337 | JHI 17726 18/12/2025 03/12/2025 03/12/2025 1 19/09/2020 Books

Naharkatiya College © 2020. All rights reserved.

Powered By